| 000 | 00532nam a2200205Ia 4500 | ||
|---|---|---|---|
| 005 | 20230824111402.0 | ||
| 008 | 131103s9999 xx 000 0 und d | ||
| 020 | _cRs.90 | ||
| 040 | _aLoreto College | ||
| 041 | _aEnglish | ||
| 082 |
_a200.19 _bPAL |
||
| 100 | _aPalackapilly,George | ||
| 245 |
_aReligion and Economics _b a worldview _cGeorge Palackapilly [and] T.D.Felix |
||
| 260 |
_aNew Delhi _bAIDBES _c[19 - ?] |
||
| 300 | _a150,2p. | ||
| 650 | _aEconomics | ||
| 700 | _aFelix,T.D. | ||
| 850 | _aLCLIB | ||
| 942 | _cBK | ||
| 999 |
_c7632 _d58111 |
||